000 00416nam a2200157Ia 4500
008 230917s9999||||xx |||||||||||||| ||und||
020 _cPOU6
040 _e21783
_aMAIN
041 _aEnglish
082 _a515.35 722S
100 _aD L Colton
245 0 _aSolution of boundary value problems by the method of integral operators
260 _aLondon
_bPitman Publishing
_c1976
300 _a148 p.
942 _cBK
999 _c214310
_d214310